Filmzitate - Statistiken

Allgemein
  • Dieses Quiz wurde 64 mal gespielt
  • Das Durchschnittsergebnis liegt bei 3 aus 10
Antwortstatistiken
Hint Antwort % Korrekt
"42" Per Anhalter durch die Galaxis
58%
"Eckhard, meine Frau is nich da, ich glaub es is soweit, kannst du mal nach 'm Keller gucken, ich glaub die Russen sind da." Werner - Beinhart
52%
"Oh Mann, ich hab Marvin ins Gesicht geschossen." - "Warum tust du denn sowas?" - "War nicht mit Absicht, war 'n Unfall." Pulp Fiction
44%
"Achtung Stillgstanden, Lord Helmchen naht!" Spaceballs
42%
"Romani ite domum" Das Leben des Brian
38%
"Ich mache ihm ein Angebot, das er nicht ablehnen kann" Der Pate
29%
"Das war ein Befehl, der Angriff Steiners war ein Befehl! Wer sind Sie, das Sie es wagen sich meinen Befehlen zu widersetzten!" Der Untergang
27%
"Ich bin doch noch gar nicht tot." Die Ritter der Kokosnuss
17%
"Als Hirte erlaube mir, zu dienen mein Vater dir. Deine Macht reichst du uns durch deine Hand, diese verbindet uns wie ein heiliges Band. Wir waten durch ein Meer von Blut, gib uns dafür kraft und Mut. E nomine patri, et filii, et spiritus sancti." Der blutige Pfad Gottes
12%
"Sohn, sowas passiert wenn man versucht einen Fremden in den Arsch zu ficken!" The Big Lebowski
8%
Keine übereinstimmenden Quizze gefunden
Verteilung der Resultate
Anzahl Personen mit jedem Resultat
Perzentil nach korrekt beantworteten Fragen
Ihre Resultats-Entwicklung
Sie haben dieses Quiz noch nicht gespielt